000 00723nam a2200217Ii 4500
003 JO-AjNU
008 230605s9999||||xx |||||||||||||| ||und||
017 _a2005/9/2197
040 _aJO-AjNU
_bara
_erda
_cJO-AjNU
041 _aara
050 1 4 _aDS153.4.G4252.2005
100 3 _aالغرايبة، خليف مصطفى ,
_eauthor
_962267
245 0 0 _aالتربية الوطنية في الاردن
250 _aط1
264 3 1 _aعمان: دار الكتاب الثقافي، 2005
300 _a235ص
336 _atext
_btxt
_2rdacontent
337 _aunmediated
_bn
_2rdamedia
338 _avolume
_bnc
_2rdacarrier
650 4 _aالتربية الوطنية-التربية السياسية-الاردن
_962268
999 _aA28188
_c31756
_d31756